Электрический пробой рентгенизованной каменной соли; Доклады Академии Наук СССР. Новая серия; Т. 3, № 6

Dades bibliogràfiques
Parent link:Доклады Академии Наук СССР. Новая серия/ Академия наук СССР (АН СССР).— , 1933-1992
Т. 3, № 6.— 1934.— С. 424-425
Autor principal: Воробьев А. А. Александр Акимович
Sumari:В фонде НТБ ТПУ отсутствует
Idioma:rus
Publicat: 1934
Matèries:
Format: Capítol de llibre
KOHA link:https://koha.lib.tpu.ru/cgi-bin/koha/opac-detail.pl?biblionumber=595895

MARC

LEADER 00000naa0a2200000 4500
001 595895
005 20250312105918.0
035 |a (RuTPU)RU\TPU\tpu\17780 
035 |a RU\TPU\tpu\4157 
090 |a 595895 
100 |a 20100702d1934 k y0rusy50 ca 
101 0 |a rus 
102 |a RU 
200 1 |a Электрический пробой рентгенизованной каменной соли  |f А. А. Воробьев 
333 |a В фонде НТБ ТПУ отсутствует 
461 |t Доклады Академии Наук СССР. Новая серия  |f Академия наук СССР (АН СССР)  |d 1933-1992 
463 |t Т. 3, № 6  |v С. 424-425  |d 1934 
610 1 |a электричество 
610 1 |a диэлектрики 
610 1 |a труды учёных ТПУ 
700 1 |a Воробьев  |b А. А.  |c российский физик  |c ректор Томского политехнического института, профессор  |f 1909-1981  |g Александр Акимович  |3 (RuTPU)RU\TPU\pers\12805 
801 0 |a RU  |b 63413507  |c 20011210  |g PSBO 
801 2 |a RU  |b 63413507  |c 20171006  |g PSBO 
942 |c CR